History Quiz

Random History or Letter Quiz

'C' World Leaders Quiz Stats

 Plays Quiz Updated Jul 30, 2017

Support Sporcle.
Go Orange.
Score 0/20 Timer 07:00
0 Plays Today
% Correct
Winston Churchill
99.1%
Bill Clinton
97.1%
Fidel Castro
89.9%
Catherine the Great
86.2%
Jimmy Carter
85.8%
Cleopatra VII
83.4%
Julius Caesar
81.8%
Hugo Chávez
79.4%
Charles I
79.2%
Charlemagne
70%
% Correct
Grover Cleveland
69.3%
Neville Chamberlain
66.4%
Jacques Chirac
60.1%
Chiang Kai-shek
42.4%
Constantine the Great
35%
Nicolae Ceaușescu
32.6%
Konstantin Chernenko
24.6%
Felipe Calderón
17.5%
Kim Campbell
14.5%
Helen Clark
13.4%

You're not logged in!

Compare scores with friends on all Sporcle quizzes.
OR
Log In
Forgot?

From the Vault

Letters Minefield: 50 Capitals Blitz

by LTH

You don't even need to know how to spell your capitals beyond the first letter.
Remove Ads.
Support Sporcle.
Get the best of Sporcle when you Go Orange. This ad-free experience offers more features, more stats, and more fun while also helping to support Sporcle. Thank you for becoming a member.

Show Comments

Extras

Top Quizzes Today


Score Distribution

Your Account Isn't Verified!

In order to create a playlist on Sporcle, you need to verify the email address you used during registration. Go to your Sporcle Settings to finish the process.

Report this User

Report this user for behavior that violates our Community Guidelines.

Details: